Ekonomická krize firmy Aplikace modelu
Analýza priebehu, príčin a dôsledkov krízy vedúcej až k likvidácii podniku. Aplikácia teoretického modelu. Tri etapy krízy. Schéma vzťahov faktormi spôsobujúcimi vznik krízovej situácie, ich väzby a náväznosť jednotlivých etáp. Analýza priebehu krízy. Predchádzajúce udalosti a ich dôsledky. Prípadov...
Guardado en:
| Autor principal: | |
|---|---|
| Formato: | Capítulo de libro |
| Lenguaje: | checo |
| Materias: | |
| Etiquetas: |
Sin Etiquetas, Sea el primero en etiquetar este registro!
|
MARC
| LEADER | 00000naa a2200000 4500 | ||
|---|---|---|---|
| 001 | r026244 | ||
| 005 | 20230922084522.5 | ||
| 041 | 0 | |a cze | |
| 044 | |a CZ | ||
| 245 | 1 | 0 | |a Ekonomická krize firmy |b Aplikace modelu |c M. Mikušová |
| 520 | |a Analýza priebehu, príčin a dôsledkov krízy vedúcej až k likvidácii podniku. Aplikácia teoretického modelu. Tri etapy krízy. Schéma vzťahov faktormi spôsobujúcimi vznik krízovej situácie, ich väzby a náväznosť jednotlivých etáp. Analýza priebehu krízy. Predchádzajúce udalosti a ich dôsledky. Prípadová štúdia fiktívnej firmy. | ||
| 610 | 2 | 0 | |a manažment krízový |
| 610 | 2 | 0 | |a kríza |
| 610 | 2 | 0 | |a podnik |
| 610 | 2 | 0 | |a štúdie prípadové |
| 610 | 2 | 0 | |a firmy cvičné |
| 100 | 1 | |a Mikušová, M. | |